La monarchie française / (Record no. 32428)

MARC details
000 -LEADER
campo de control de longitud fija 00778nam a2200241 i 4500
001 - NÚMERO DE CONTROL
campo de control 32428
003 - IDENTIFICADOR DE NÚMERO DE CONTROL
campo de control ES-MaACL
005 - FECHA Y HORA DE LA ÚLTIMA TRANSACCIÓN
campo de control 20250808073924.0
007 - CAMPO FIJO DE DESCRIPCIÓN FÍSICA--INFORMACIÓN GENERAL
campo de control de longitud fija t|
008 - DATOS DE LONGITUD FIJA--INFORMACIÓN GENERAL
campo de control de longitud fija 030131s1935 fr ||||1| fre d
100 1# - ENTRADA PRINCIPAL--NOMBRE DE PERSONA
Nombre de persona Benoist, Charles.
9 (RLIN) 27745
245 13 - MENCIÓN DEL TÍTULO
Título La monarchie française /
Mención de responsabilidad, etc. Charles Benoist.
260 ## - PUBLICACIÓN, DISTRIBUCIÓN, ETC.
Lugar de publicación, distribución, etc. Paris :
Nombre del editor, distribuidor, etc. Dunod,
Fecha de publicación, distribución, etc. 1935 (
Lugar de fabricación/manufactura Mesnil :
Fabricante Firmin Didot et Cie)
300 ## - DESCRIPCIÓN FÍSICA
Extensión 593 p. ;
Dimensiones 19 cm.
490 1# - MENCIÓN DE SERIE
Mención de serie Les constructeurs
505 8# - NOTA DE CONTENIDO CON FORMATO
Nota de contenido con formato Contiene: Livre I: L'oeuvre royale. - Livre II, Quelques rois
651 #4 - PUNTO DE ACCESO ADICIONAL DE MATERIA--NOMBRE GEOGRÁFICO
Nombre geográfico Francia-
Subdivisión general Historia
9 (RLIN) 8679
651 #7 - PUNTO DE ACCESO ADICIONAL DE MATERIA--NOMBRE GEOGRÁFICO
Nombre geográfico Francia-
Subdivisión general Reyes y soberanos
Fuente del encabezamiento o término
9 (RLIN) 137185
830 0# - PUNTO DE ACCESO ADICIONAL DE SERIE-TÍTULO UNIFORME
Título uniforme Les constructeurs
9 (RLIN) 181439
852 ## - LOCALIZACIÓN
Ubicación ES-MaACL
Número de control de estantería A-3890-91
Nota libre .- 1 t. en 2 .
852 ## - LOCALIZACIÓN
Ubicación ES-MaACL
Número de control de estantería A-3577
Holdings
Estatus retirado Estado de pérdida Estado de daño No para préstamo Biblioteca de origen Biblioteca actual Ubicación en estantería Fecha de adquisición Fuente de adquisición Total de préstamos Signatura topográfica completa Código de barras Visto por última vez Precio de reemplazo Tipo de ítem Koha
        Biblioteca del Ateneo de Madrid Biblioteca del Ateneo de Madrid Sala Pecera Planta 1 10/04/2013     A-3577 1191089 23/02/2023 23/02/2023 Libro impreso
        Biblioteca del Ateneo de Madrid Biblioteca del Ateneo de Madrid Sala Pecera Planta 1 17/01/2008     A-3890-91 1033592 23/02/2023 23/02/2023 Libro impreso